|
|
|
|
| LEADER |
01889nam a2200517 i 4500 |
| 001 |
001816582 |
| 003 |
CZ BrMZK |
| 005 |
20220621074802.0 |
| 007 |
ta |
| 008 |
220228s1999 xr abh e 000 0 cze |
| 020 |
|
|
|c Kč 38,00
|
| 040 |
|
|
|a ULG001
|b cze
|d BOA001
|e rda
|
| 041 |
0 |
|
|a cze
|b cze
|b eng
|b ger
|
| 043 |
|
|
|a e-pl---
|a e-xr---
|b e-xr-sl
|2 czenas
|
| 045 |
|
|
|a x0x5
|
| 072 |
|
7 |
|a 656.8
|x Poštovní služby a správa
|2 Konspekt
|9 4
|
| 080 |
|
|
|a 656.815.3
|2 MRF
|
| 080 |
|
|
|a 656.848.3
|2 MRF
|
| 080 |
|
|
|a 656.8(091)
|2 MRF
|
| 080 |
|
|
|a (437.33)
|2 MRF
|
| 080 |
|
|
|a (048.8)
|2 MRF
|
| 100 |
1 |
|
|a Tovačovský, Oldřich,
|d 1919-2007
|7 mzk2004261132
|4 aut
|
| 245 |
1 |
0 |
|a Historie poštoven na Těšínsku /
|c Oldřich Tovačovský, Jan Sikora, Vladimír Schödelbauer
|
| 250 |
|
|
|a Vydání I.
|
| 264 |
|
1 |
|a Praha :
|b Společnost teritoriální filatelie Svazu českých filatelistů,
|c 1999
|
| 300 |
|
|
|a 80 stran :
|b ilustrace, 1 mapa, faksimile ;
|c 21cm
|
| 336 |
|
|
|a text
|b txt
|2 rdacontent
|
| 337 |
|
|
|a bez média
|b n
|2 rdamedia
|
| 338 |
|
|
|a svazek
|b nc
|2 rdacarrier
|
| 490 |
1 |
|
|a Filatelistické příručky ;
|v 71
|
| 500 |
|
|
|a 350 výtisků
|
| 546 |
|
|
|a České, anglické a německé resumé
|
| 648 |
|
4 |
|a 1900-1958
|
| 648 |
|
7 |
|a 20. století
|7 ch460558
|2 czenas
|
| 650 |
0 |
7 |
|a poštovny
|7 ph412819
|z Česko
|y 20. století
|2 czenas
|
| 650 |
0 |
7 |
|a poštovní razítka
|7 ph115854
|z Česko
|y 20. století
|2 czenas
|
| 650 |
0 |
7 |
|a dějiny poštovnictví
|7 ph488977
|z Česko
|y 20. století
|2 czenas
|
| 651 |
|
7 |
|a Těšínské Slezsko
|7 ge128598
|2 czenas
|
| 655 |
|
7 |
|a přehledy
|7 fd133202
|2 czenas
|
| 700 |
1 |
|
|a Sikora, Jan
|4 aut
|
| 700 |
1 |
|
|a Schödelbauer, Vladimír
|4 aut
|
| 830 |
|
0 |
|a Filatelistické příručky
|
| 910 |
|
|
|a BOA001
|b 2-1480.792
|
| 990 |
|
|
|a BK
|
| 991 |
|
|
|b 202206
|
| 996 |
6 |
|
|b 2610897241
|c 2-1480.792
|l MZK
|r Sklad / do 1 hodiny
|n 0
|p dar
|w 001880973
|u 000010
|a 1
|e BOA001
|j MZK50
|s P
|